000
00253nam a2200109Ia 4500
008
240521s2005 xx 000 0 und d
041
_a
eng
100
_a
RAMAMRUTHAM S & NARAYAN R
245
_a
THEORY OF STRUCTURES
260
_c
2005
300
_a
1428
999
_c
1160134
_d
1160134